Avenged Sevenfold - Avenged Sevenfold - Statistics

General Stats
  • This quiz has been taken 98 times
  • The average score is 8 of 11
Answer Stats
Track Listing Song Name % Correct
Track 4 Afterlife
94%
Track 2 Almost Easy
84%
Track 1 Critical Acclaim
84%
Track 9 A Little Piece of Heaven
83%
Track 10 Dear God
83%
Track 3 Scream
81%
Track 5 Gunslinger
74%
Track 7 Brompton Cocktail
72%
Track 8 Lost
71%
Track 6 Unbound (The Wild Ride)
62%
Track 11 (Bonus Track) Crossroads
9%
No matching quizzes found
Score Distribution
Percent of People with Each Score
Percentile by Number Answered
Your Score History
You have not taken this quiz